Azərbaycanın rayonları və şəhərləri (Xəritəli) - Statistics

General Stats
  • This quiz has been taken 912 times
  • The average score is 47 of 76
Answers on the Map
Answers color-coded by a green-red scale on the quiz's map according to % correct below.
 
Answer Stats
Rayon % Correct
Bakı
93%
Quba
90%
Lənkəran
84%
Lənkəran
84%
Qusar
77%
Sumqayıt
77%
Şuşa
76%
Abşeron
75%
Naxçıvan
75%
Şəki
75%
Şəki
75%
Astara
73%
Lerik
73%
Gəncə
72%
Kəlbəcər
72%
Tovuz
72%
Masallı
71%
Qax
71%
Şamaxı
71%
Ağdam
69%
Balakən
69%
Qazax
69%
Xaçmaz
69%
Zəngilan
69%
Zaqatala
68%
Qəbələ
67%
Ağsu
66%
Füzuli
66%
Laçın
66%
Xocalı
66%
Ağstafa
65%
İsmayıllı
65%
Cəbrayıl
63%
Ordubad
63%
Qubadlı
63%
Oğuz
62%
Culfa
61%
Qobustan
61%
Xızı
61%
Yardımlı
60%
Şəmkir
58%
Xocavənd
58%
Ağdaş
57%
Mingəçevir
57%
Babək
56%
Cəlilabad
56%
İmişli
56%
Saatlı
56%
Sabirabad
55%
Şərur
55%
Siyəzən
55%
Sədərək
54%
Hacıqabul
53%
Salyan
53%
Ağcabədi
52%
Biləsuvar
52%
Gədəbəy
52%
Neftçala
52%
Yevlax
52%
Yevlax
52%
Beyləqan
51%
Daşkəsən
51%
Göygöl
51%
Şabran
51%
Şirvan
51%
Kürdəmir
50%
Tərtər
49%
Bərdə
48%
Goranboy
48%
Zərdab
47%
Göyçay
46%
Ucar
46%
Şahbuz
44%
Samux
42%
Kəngərli
40%
Naftalan
32%
No matching quizzes found
Score Distribution
Percent of People with Each Score
Percentile by Number Answered
Your Score History
You have not taken this quiz